DESARROLLO REGIONAL Y REORGANIZACION CAMPESINA: LA CHONTALPA COMO REFLEJO DEL PROBLEMA AGROPECUARIO MEXICANO/

INCLUYE BIBLIOGRAFIA

Furkejuvvon:
Bibliográfalaš dieđut
Váldodahkki: Barkin, David (autor)
Materiálatiipa: Girji
Fáttát:
Fáddágilkorat: Lasit fáddágilkoriid
Eai fáddágilkorat, Lasit vuosttaš fáddágilkora!

MARC

LEADER 00000nam^a2200000^a^4500
001 000225687
005 20250521000000.0
009 20260310104135.559
020 |a 968-429-043-8 
035 |a 044225 
037 |a Acervo Xavier Clavigero 
082 |a 338. 180972  |b BAR 
100 |a Barkin, David  |e (autor) 
245 1 0 |a DESARROLLO REGIONAL Y REORGANIZACION CAMPESINA:  |b LA CHONTALPA COMO REFLEJO DEL PROBLEMA AGROPECUARIO MEXICANO/  |c DAVID BARKIN 
264 |a México :  |b Nueva Imagen,  |c 1978 
300 |a 173p. 
336 |a texto  |b txt  |2 rdacontenido 
337 |a sin mediación  |b n  |2 rdamedio 
338 |a volumen  |b nc  |2 rdasoporte 
520 |a INCLUYE BIBLIOGRAFIA 
649 |a XX 
650 |a Política Agraria -  |z México 
650 |a Planeación Regional -  |z Chontalpa (Región) 
650 |a Campesinos -  |z México 
910 |a Fondo General 
920 |a Impresos - Libros 
930 |a Colección General 
905 |a 101 
901 |a 044225  |b IT1  |c ACC  |i 044225  |u 20250521 
902 |a https://opac.biblio.iteso.mx/vufind/Record/000225687